Hydro Power: powering the future / (Record no. 59012)

MARC details
000 -LEADER
fixed length control field 00914nam a22002177a 4500
005 - DATE AND TIME OF LATEST TRANSACTION
control field 20111207121911.0
010 ## - LCCN (DPL NO)
LC control number B-454767
020 ## - INTERNATIONAL STANDARD BOOK NUMBER
International Standard Book Number 9788179932117
Terms of availability 155.00
035 ## - SYSTEM CONTROL NUMBER
System control number B-454767
037 ## - SOURCE OF ACQUISITION
Stock number Blue Berry/Ven
Source of stock number/acquisition DPL
082 ## - DEWEY DECIMAL CLASSIFICATION NUMBER
Classification number 333.914
100 ## - MAIN ENTRY--PERSONAL NAME
Personal name Ahmad, Arshi
245 ## - TITLE STATEMENT
Title Hydro Power: powering the future /
Statement of responsibility, etc by Arshi Ahmad; edited by Madhu Singh Sirohi
260 ## - PUBLICATION, DISTRIBUTION, ETC. (IMPRINT)
Place of publication, distribution, etc New Delhi
Name of publisher, distributor, etc Teri Press
Date of publication, distribution, etc 2008
270 ## - ADDRESS
Address Darbari Seth Block, IHC Complex, Lodhi Road
City New Delhi
Postal code 110003
300 ## - PHYSICAL DESCRIPTION
Extent 30p.
Other physical details col.ill
Dimensions 28cm. (Hb)
490 ## - SERIES STATEMENT
Series statement Future Power Energy
-- 46604
942 ## - ADDED ENTRY ELEMENTS (KOHA)
Source of classification or shelving scheme Dewey Decimal Classification
Item type Children Books
Call number suffix AHM
Classification part 333.914
Holdings
Withdrawn status Lost status Not for loan Collection code Home library Current library Date acquired Source of acquisition Cost, normal purchase price Full call number Barcode Copy number Cost, replacement price Koha item type
      Non-fiction Sarojini Nagar Sarojini Nagar 08/05/2012 Blueberry/7182/31.10.11/7/21.3.11/30.11.11 155.00 333.914 AHM B-454767 1 155.00 Children Books

© Delhi Public Library
Hit Counter
free hit counter